000 00576 a2200181 4500
020 _a1558607358
040 _aDLC
_bDLC
082 0 4 _a621.3'815
100 1 _aAgarwal, Anant.
245 1 0 _aFoundations of analog and digital electronic design
_cAnant Agarwal and Jeffrey Lang.
260 _aSan Francisco, Calif. :
_bMorgan Kaufmann,
_c2005.
300 _a984 s.
440 0 _aMorgan Kaufmann series in computer architecture and design
650 0 _aElectronic circuit design.
650 0 _aElectronic circuits
700 1 _aLang, Jeffrey.
942 _cBK
_k621.3815 AGA
_2ddc
999 _c8003
_d8003